| 000 | 00951nam a2200301Ia 4500 | ||
|---|---|---|---|
| 001 | Para_1015 | ||
| 003 | CHAP | ||
| 008 | 220125s1980 xx 000 0 und d | ||
| 010 | _a198883 | ||
| 040 | _cCHAP | ||
| 090 | _aPA TESIS 981 | ||
| 100 |
_aGarcía Maldonado, Filemon _946243 |
||
| 245 |
_aEvaluación de la gomosis (Phytophthora citrophthora y P. parasitica) en el municipio de LLera, Tamps. / _c por Filemon García Maldonado |
||
| 260 |
_aChapingo, Méx. : _b El autor |
||
| 300 | _a49 h. | ||
| 502 | _aTesis (Ing. Agr. Esp. Fitotecnia) UACh. Depto. Fitotecnia | ||
| 650 |
_aCitricos _x enfermedades _924423 |
||
| 650 |
_aHongos _956084 |
||
| 650 |
_aPhytophthora citrophthora _987922 |
||
| 710 | _aUACh. Departamento de Fitotecnia | ||
| 901 | _aPA TESIS 981 | ||
| 902 | _aA | ||
| 905 | _a0000001980 0000000000 00 | ||
| 910 | _a1980 | ||
| 942 | _cPARA | ||
| 942 |
_cPARA _d1 |
||
| 999 |
_c198883 _d198883 |
||